| 000 | 00798nam a2200229 a 4500 | ||
|---|---|---|---|
| 001 | BRCA_2785 | ||
| 005 | 20190320203952.0 | ||
| 008 | 081208s1960----mx-a---###---#000-0#spa-u | ||
| 050 | 4 |
_aNE546.P6 _b.P67 1960 |
|
| 100 | 1 |
_aPosada, José Guadalupe _d1851-1913 _97827 |
|
| 245 | 1 | 0 |
_aLa Revolución Mexicana vista por José Guadalupe Posada _crecopilación y presentación de Jaled Muyaes. |
| 260 |
_aMéxico _bTalleres Policromía _c1960 |
||
| 300 |
_a1 v. (sin paginación) _bil., 62 láminas _c32 cm. |
||
| 500 | _aEjemplar numerado 890 de 1,500. | ||
| 500 | _aMaterial presentado tipo folder con hojas sueltas marquilladas. | ||
| 500 | _aAA94 | ||
| 650 | 1 | 4 |
_aGrabadores mexicanos _97389 |
| 651 | 4 |
_aMéxico _xHistoria _9614 |
|
| 700 | 1 |
_aMuyaes, Jaled _97828 |
|
| 902 | _aGFM | ||
| 942 |
_2lcc _cB |
||
| 999 |
_c2525 _d2525 |
||